000 00516nam a2200157 a 4500
005 20140412111237.0
008 010605s19uu xx 00 eng d
020 _a0-7333-0355-2
050 _aTR(GS 307.76
_bF832 1994
100 _aFox, John
245 _aPlay school in the city :
_bwith Colin and Trisha /
_cby John Fox and Jennie Mackenzie.
260 _aSydney :
_bAustralian Broadcasting Corporation,
_c1994.
300 _a1v. (unp.) ; ill.
650 _aCities and towns-Juvenile literature
999 _c102477
_d102477